Khảo sát phương pháp xác định Octo-photphat bằng phương pháp trắc quang Luận văn tốt nghiệp Đại học Sư phạm ngành Hóa Khóa 17
Gespeichert in:
| 1. Verfasser: | |
|---|---|
| Format: | Buch |
| Sprache: | Undetermined |
| Veröffentlicht: |
Cần Thơ
Trường Đại học Cần Thơ, Khoa Sư phạm, Bộ môn Hóa
1995
|
| Tags: |
Tag hinzufügen
Keine Tags, Fügen Sie den ersten Tag hinzu!
|
| Thư viện lưu trữ: | Trung tâm Học liệu Trường Đại học Cần Thơ |
|---|
| LEADER | 00741nam a2200181Ia 4500 | ||
|---|---|---|---|
| 001 | CTU_33771 | ||
| 008 | 210402s9999 xx 000 0 und d | ||
| 082 | |a 543 | ||
| 082 | |b Ph561/1995 | ||
| 100 | |a Nguyễn Thị Minh Phương | ||
| 245 | 0 | |a Khảo sát phương pháp xác định Octo-photphat bằng phương pháp trắc quang | |
| 245 | 0 | |b Luận văn tốt nghiệp Đại học Sư phạm ngành Hóa Khóa 17 | |
| 245 | 0 | |c Nguyễn Thị Minh Phương | |
| 260 | |a Cần Thơ | ||
| 260 | |b Trường Đại học Cần Thơ, Khoa Sư phạm, Bộ môn Hóa | ||
| 260 | |c 1995 | ||
| 904 | |i Nguyễn Quang Điền, 991110 | ||
| 980 | |a Trung tâm Học liệu Trường Đại học Cần Thơ | ||